Aircraft Reciprocating Engines (Record no. 267383)

000 -LEADER
fixed length control field 00231 a2200097 4500
001 - CONTROL NUMBER
control field 32310
090 ## - LOCALLY ASSIGNED LC-TYPE CALL NUMBER (OCLC); LOCAL CALL NUMBER (RLIN)
-- 21697
-- 21697
100 ## - MAIN ENTRY--PERSONAL NAME
Personal name Crane, Dale
245 ## - TITLE STATEMENT
Title Aircraft Reciprocating Engines
260 ## - PUBLICATION, DISTRIBUTION, ETC.
Place of publication, distribution, etc. N.Y
Name of publisher, distributor, etc. McGraw Hill Books Co
Date of publication, distribution, etc. 1983
942 ## - ADDED ENTRY ELEMENTS (KOHA)
Institution code [OBSOLETE] NUST-CAE
Koha item type
--
Holdings
Withdrawn status Lost status Damaged status Not for loan Collection code Permanent Location Current Location Date acquired Total Checkouts Barcode Date last seen Price effective from Koha item type
          College of Aeronautical Engineering (CAE) College of Aeronautical Engineering (CAE) 04/03/2017   CAE71680 04/05/2017 04/05/2017 Book
© 2023 Central Library, National University of Sciences and Technology. All Rights Reserved.